[Event "POL-ch Blitz U18"]
[Site "Bydgoszcz"]
[Date "2023.08.31"]
[Round "8"]
[White "Bednarek, Jan"]
[Black "Wenedisiuk, Gleb"]
[Result "1-0"]
[WhiteElo "1333"]
[BlackElo "1173"]
[PlyCount "65"]
[EventDate "2023.08.28"]
[EventType "swiss"]
[EventRounds "10"]
[EventCountry "POL"]
[SourceTitle "EXT 2024"]
[Source "ChessBase"]
[SourceDate "2023.10.10"]
[SourceVersion "1"]
[SourceVersionDate "2023.10.10"]
[SourceQuality "1"]

1. e4 c5 2. Nf3 d6 3. d4 cxd4 4. Nxd4 Nc6 5. Nc3 Nf6 6. Be2 g6 7. Be3 Bg7 8. Qd2 Bg4 9. f3 Bd7 10. 0-0 0-0 11. Nxc6 Bxc6 12. Bh6 Bxh6 13. Qxh6 Qb6+ 14. Kh1 Qxb2 15. Qe3 Qa3 16. Qd2 Rfd8 17. Rad1 d5 18. e5 Nh5 19. f4 Ng7 20. Bf3 d4 21. Ne4 Bxe4 22. Bxe4 Rab8 23. f5 Nxf5 24. Bxf5 gxf5 25. Rxf5 Qe3 26. Qb4 e6 27. Rf3 Qxe5 28. Re1 Qd6 29. Rg3+ Kh8 30. Qd2 Qf8 31. Qf4 Rd5 32. Qf6+ Qg7 33. Qxg7# 1-0